FRA-Duques de Orleans - Estadísticas

Estadísticas generales
  • Esta prueba ha sido intentada 8 veces
  • La puntuación promedio es 10 de 18
Estadísticas de respuestas
Período Nombre % Correcto
1519-1536 Enrique I(futuro Enrique II)
80%
1560-1574 Enrique II(futuro Enrique III)
80%
1392-1407 Luis I
80%
1465-1498 Luis II(futuro Luis XII)
80%
1549-1550 Luis III
80%
1723-1752 Luis IV
80%
1407-1465 Carlos I
60%
1522-1545 Carlos II
60%
1550-1560 Carlos III(futuro Carlos IX)
60%
1344-1375 Felipe
60%
1660-1701 Felipe I
60%
1701-1723 Felipe II
60%
1752-1785 Luis Felipe I
40%
1785-1793 Luis Felipe II
40%
1793-1830 Luis Felipe III(futuro Luis Felipe I)
40%
1830-1842 Fernando Felipe
20%
1626-1660 Gastón I
20%
1607-1611 Nicolás Enrique
0%
No se encontraron pruebas coincidentes
Distribución de puntuación
Porcentaje de gente con cada puntuación
Porcentaje por número respondido
Historial de tus puntuaciones
No has intentado esta prueba.